|
|
|
|
| LEADER |
00742nam a22001811a 4500 |
| 082 |
|
|
|a H300 7
|b RAM/S
|
| 100 |
|
|
|a Ramswaroop Chathurvedi
|9 130965
|
| 245 |
|
|
|a Shart ke naari patra/
|c by Ramswaroop Chathurvedi
|
| 250 |
|
|
|a 2nd ed.
|
| 260 |
|
|
|a New Delhi:
|b Bharatiya Jnanpith,
|c 1993.
|
| 300 |
|
|
|a 284p.
|
| 650 |
|
|
|a Literature Hindi Study
|9 130966
|
| 650 |
|
|
|a Literature Hindi
|9 130967
|
| 650 |
|
|
|a Literature
|9 130968
|
| 942 |
|
|
|c BK
|
| 999 |
|
|
|c 41698
|d 41698
|
| 952 |
|
|
|0 0
|1 0
|4 0
|6 H_300_700000000000000_RAM_S
|7 0
|9 60371
|a SSUS
|b SSUS
|d 2015-01-08
|g 110.00
|o H300 7 RAM/S
|p 011489
|r 2015-01-08
|v 0.00
|w 2015-01-08
|y BK
|
| 952 |
|
|
|0 0
|1 0
|4 0
|6 H_300_700000000000000_RAM_S
|7 0
|9 60372
|a SSUS
|b SSUS
|d 2015-01-08
|g 110.00
|o H300 7 RAM/S
|p 018895
|r 2015-01-08
|v 0.00
|w 2015-01-08
|y BK
|